| 000 | 00724nab a2200205 4500 | ||
|---|---|---|---|
| 003 | AR-RoBPED | ||
| 005 | 20260313190410.0 | ||
| 008 | 260313d1898198?ag |||p| ||||s00| 0 spa d | ||
| 040 | _aAR-RoBPED | ||
| 041 | _aspa | ||
| 100 | 1 |
_aSolari, C. _930067 |
|
| 245 | 1 | 0 |
_aGarzas / _cC. Solari. |
| 300 | _apág. 219-220 | ||
| 362 | _aAño 13, no. 155 (abr. 1901) | ||
| 500 | _aBoletín de Educación. Santa Fe : Consejo General de Educación, 1886-198?. Año 13, N° 155 (abr. 1901), páginas 219-220. | ||
| 650 | 4 |
_aAVES _91567 |
|
| 773 | 0 |
_022998 _930340 _aSanta Fe. _dSanta Fe : Consejo General de Educación, [1886-198-?]. _tBoletín de Educación : _w(AR-RoBPED)22998 |
|
| 942 |
_ak. 32415 _cREV |
||
| 945 | _aefp 13/03/2026 | ||
| 999 |
_c32415 _d32415 |
||